[Event "DRUGA LIGA CENTRALNE SRBIJE 2013 - Istok"]
[Site "Zajecar"]
[Date "2013.10.12"]
[Round "4.11"]
[White "Raicevic, Ivica"]
[Black "Blagojevic, Vladan"]
[Result "1-0"]
[WhiteElo "2264"]
[BlackElo "2148"]
[PlyCount "0"]
[EventDate "2013.10.10"]

1.c4 Nf6 2.Nc3 c5 3.Nf3 Nc6 4.g3 g6 5.Bg2 Bg7 6.O-O O-O 7.a3
d6 8.d3 h6 9.Rb1 Rb8 10.b4 Nd7 11.Qc2 Nd4 12.Nxd4 cxd4 13.Nb5
a6 14.Na7 Qc7 15.Bd2 b5 16.Nc6 Rb6 17.Nxe7+ Kh7 18.Nd5 Qa7 19.Nxb6
Qxb6 20.c5 dxc5 21.bxc5 Qc7 22.c6 Ne5 23.Rfc1 Bg4 24.Bb4 Re8
25.h3 Bf5 26.Qc5 Qc8 27.Kh2 Bxd3 28.exd3 Nxd3 29.Qd5 1-0

[Event "DRUGA LIGA CENTRALNE SRBIJE 2013 - Istok"]
[Site "Zajecar"]
[Date "2013.10.12"]
[Round "4.12"]
[White "Radovanovic, Nikola **"]
[Black "Dmitrovic, Tomislav"]
[Result "1/2-1/2"]
[WhiteElo "2295"]
[BlackElo "2249"]
[PlyCount "0"]
[EventDate "2013.10.10"]

1.d4 Nf6 2.c4 g6 3.Nc3 d5 4.cxd5 Nxd5 5.Bd2 Bg7 6.e4 Nxc3 7.Bxc3
O-O 8.Nf3 Nd7 9.Be2 c5 10.d5 Bxc3+ 11.bxc3 Nf6 12.Qd3 Re8 13.Nd2
e6 14.c4 exd5 15.cxd5 Qe7 16.f3 Nh5 17.g3 Bh3 18.Kf2 b5 19.Qxb5
Rab8 20.Qd3 f5 21.Rab1 fxe4 22.Nxe4 Bf5 23.Qc4 Qe5 24.Rxb8 Rxb8
25.Nxc5 Rb2 26.d6+ Kg7 27.d7 Rxe2+ 28.Qxe2 Qxc5+ 29.Kg2 Bxd7
30.Re1 Nf6 31.Qe7+ Qxe7 32.Rxe7+ Kf8 33.Re5 1/2-1/2

[Event "DRUGA LIGA CENTRALNE SRBIJE 2013 - Istok"]
[Site "Zajecar"]
[Date "2013.10.12"]
[Round "4.13"]
[White "Markovic, Marko"]
[Black "Radovic, Luka **"]
[Result "1-0"]
[WhiteElo "2292"]
[BlackElo "2089"]
[PlyCount "0"]
[EventDate "2013.10.10"]

1.e4 c5 2.d3 Nc6 3.f4 g6 4.Nf3 Bg7 5.Be2 d5 6.exd5 Qxd5 7.Nc3
Qd8 8.O-O Nh6 9.Be3 b6 10.Kh1 Nf5 11.Qd2 Bb7 12.Rae1 O-O 13.Bd1
Qd7 14.Qf2 Rad8 15.Bc1 Nfd4 16.Nxd4 Nxd4 17.Ne4 Qc6 18.Ng5 h6
19.Nf3 Qd6 20.Nxd4 cxd4 21.f5 g5 22.Bf3 Bxf3 23.Qxf3 Rc8 24.Re2
Rc5 25.b3 Re5 26.Re4 Rxe4 27.Qxe4 e5 28.fxe6 Qxe6 29.Qxe6 fxe6
30.Rxf8+ Kxf8 31.g4 Ke7 32.Ba3+ Kd7 33.Kg2 Kc6 34.Kf3 Kd5 35.h3
a6 36.Be7 Ke5 37.Kg3 b5 38.Bb4 Kd5 39.Kf3 e5 40.Be7 Ke6 41.Bc5
h5 42.Ke4 hxg4 43.hxg4 Bf6 44.Bf8 Bh8 45.Bb4 Bg7 46.Bd2 Bf6 47.c3
dxc3 48.Bxc3 Bg7 49.Bd2 Bf6 50.Be3 Be7 51.Bc1 Bd8 52.Bb2 Bf6
53.a4 bxa4 54.bxa4 Bg7 55.Bc3 Bf6 56.Bb4 Bg7 57.Bc5 Bf6 58.Ba3
Bg7 59.Bc1 Bf6 60.Bb2 Bg7 61.Bc3 Bf6 62.Ba5 Be7 63.Bc7 Bf6 64.Bb8
Bg7 65.Ba7 Bf6 66.Bb6 Be7 67.Ba5 Bf6 68.Bc3 Bg7 69.d4 exd4 70.Bxd4
Bxd4 71.Kxd4 Kd6 72.Ke4 Kc5 73.Kf5 Kb4 74.Kxg5 Kxa4 1-0

[Event "DRUGA LIGA CENTRALNE SRBIJE 2013 - Istok"]
[Site "Zajecar"]
[Date "2013.10.12"]
[Round "4.14"]
[White "Djuretanovic, Ivan"]
[Black "Trifunovic, Miroljub"]
[Result "0-1"]
[WhiteElo "2033"]
[BlackElo "2263"]
[PlyCount "0"]
[EventDate "2013.10.10"]

1.e4 e5 2.Nf3 Nc6 3.Bc4 Bc5 4.c3 Nf6 5.b4 Bb6 6.d3 d6 7.Bg5 h6
8.Bh4 Be6 9.Nbd2 a6 10.Qb3 Qe7 11.a4 O-O 12.Nf1 g5 13.Bg3 Bxc4
14.Qxc4 Rfd8 15.Ne3 Qe6 16.Nd5 Ne7 17.Nxe7+ Qxe7 18.O-O Nh5 19.Rfe1
Nf4 20.Bxf4 gxf4 21.d4 a5 22.b5 Kh8 23.Qd5 f6 24.Nh4 Rg8 25.Nf5
Qh7 26.Qc4 Rg5 27.Qe6 Qg6 28.Nh4 Qg7 29.Qh3 Rg8 30.Rad1 Rh5 31.Kh1
Rxh4 0-1

[Event "DRUGA LIGA CENTRALNE SRBIJE 2013 - Istok"]
[Site "Zajecar"]
[Date "2013.10.12"]
[Round "4.16"]
[White "Dragojevic, Dragan"]
[Black "Maksimovic, Boban"]
[Result "0-1"]
[WhiteElo "1960"]
[BlackElo "2194"]
[PlyCount "0"]
[EventDate "2013.10.10"]

1.e4 e6 2.f4 d5 3.e5 c5 4.Nf3 Nc6 5.c3 Nge7 6.Be2 Nf5 7.O-O h5
8.Na3 d4 9.d3 Be7 10.Nc2 dxc3 11.bxc3 Qa5 12.Qe1 O-O 13.Ne3 Rd8
14.a4 b5 15.Nxf5 exf5 16.d4 cxd4 17.Nxd4 Nxd4 18.cxd4 Bb4 19.Qh4
Bc3 20.Ra3 b4 21.Rxc3 bxc3 22.Ba3 Rxd4 23.Be7 Bb7 24.Bf6 Rd2
25.Qg5 Qc5+ 26.Kh1 Qf8 27.Re1 c2 28.Qxh5 Rc8 29.Rc1 Qa3 30.Rg1
c1Q 31.Bxg7 Qxg1+ 32.Kxg1 Qe3+ 0-1

[Event "DRUGA LIGA CENTRALNE SRBIJE 2013 - Istok"]
[Site "Zajecar"]
[Date "2013.10.12"]
[Round "4.17"]
[White "Lazovic, Bozidar **"]
[Black "Mitic, Zoran"]
[Result "1-0"]
[WhiteElo "1829"]
[BlackElo "1933"]
[PlyCount "0"]
[EventDate "2013.10.10"]

1.e4 e6 2.Qe2 Ne7 3.g3 d5 4.Bg2 Nbc6 5.c3 d4 6.d3 b6 7.c4 Rb8
8.Nh3 Ng6 9.O-O Be7 10.f4 O-O 11.a4 Bb7 12.Bd2 a6 13.Na3 Bb4
14.Bxb4 Nxb4 15.Nc2 Nxc2 16.Qxc2 Qd6 17.Ng5 h6 18.e5 Qb4 19.Bxb7
Rxb7 20.Ne4 Ne7 21.g4 f5 22.g5 hxg5 23.fxg5 1-0

[Event "DRUGA LIGA CENTRALNE SRBIJE 2013 - Istok"]
[Site "Zajecar"]
[Date "2013.10.12"]
[Round "4.18"]
[White "Radovic, Janko **"]
[Black "Popovic, Branislav **"]
[Result "1-0"]
[WhiteElo "2077"]
[BlackElo "1774"]
[PlyCount "0"]
[EventDate "2013.10.10"]

1.e4 e6 2.d4 d5 3.e5 c5 4.Qg4 cxd4 5.Nf3 Nc6 6.Bd3 Nge7 7.O-O
Ng6 8.Re1 Be7 9.Nbd2 Bd7 10.Nb3 Nb4 11.Nbxd4 Nxd3 12.cxd3 O-O
13.Bd2 Kh8 14.Ng5 Bxg5 15.Bxg5 Qb6 16.Nf3 f6 17.Be3 Qa6 18.Bc5
Rf7 19.d4 Ne7 20.Nh4 Rg8 21.Bxe7 1-0

[Event "DRUGA LIGA CENTRALNE SRBIJE 2013 - Istok"]
[Site "Zajecar"]
[Date "2013.10.12"]
[Round "4.21"]
[White "Popchev, Milko"]
[Black "Garic, Radomir"]
[Result "1-0"]
[WhiteElo "2413"]
[BlackElo "2261"]
[PlyCount "0"]
[EventDate "2013.10.10"]

1.g3 c5 2.Bg2 g6 3.Nf3 Bg7 4.O-O Nc6 5.e4 Nf6 6.Re1 O-O 7.d4
cxd4 8.Nxd4 Nxd4 9.Qxd4 d6 10.Nc3 Be6 11.Qd3 Qa5 12.Bd2 Qh5 13.Qb5
Qxb5 14.Nxb5 Bc4 15.Nd4 Nd7 16.Be3 Rac8 17.b3 Ba6 18.c4 b6 19.Bh3
Rc7 20.Rad1 Rd8 21.Bg2 Nc5 22.Re2 Bxd4 23.Bxd4 Ne6 24.Bb2 b5
25.cxb5 Bxb5 26.Red2 Rdc8 27.e5 dxe5 28.Bxe5 Rc5 29.Bb2 Bc6 30.Ba3
Bxg2 31.Bxc5 Bf3 32.Bxe7 Bxd1 33.Rxd1 f5 34.Rd7 Rc7 35.Rxc7 Nxc7
36.Bd6 Nd5 37.Kf1 Kf7 38.Ke2 Nc3+ 39.Kd3 Ne4 40.Bb8 Nxf2+ 41.Kc4
a6 42.a4 Ke6 43.Kc5 Nd3+ 44.Kb6 Kd5 45.Kxa6 Kc6 46.Ka5 1-0

[Event "DRUGA LIGA CENTRALNE SRBIJE 2013 - Istok"]
[Site "Zajecar"]
[Date "2013.10.12"]
[Round "4.22"]
[White "Cvetanovic, Uros **"]
[Black "Kostic, Nebojsa"]
[Result "1-0"]
[WhiteElo "2285"]
[BlackElo "2284"]
[PlyCount "0"]
[EventDate "2013.10.10"]

1.e4 c6 2.Nc3 d5 3.Nf3 Bg4 4.h3 Bxf3 5.Qxf3 e6 6.Qg3 Nf6 7.d3
Nbd7 8.Be2 g6 9.a3 d4 10.Nd1 h5 11.f4 Be7 12.Qf2 Qb6 13.c3 c5
14.e5 Nd5 15.c4 Nc7 16.Bf3 a5 17.Qe2 Bh4+ 18.Nf2 Nb8 19.O-O Bxf2+
20.Qxf2 h4 21.f5 gxf5 22.Bg5 Nc6 23.Rfe1 Kd7 24.Bxh4 Rag8 25.Kf1
Qb3 26.Rad1 Rh7 27.Rd2 Ne8 28.g4 Rgh8 29.Bf6 Nxf6 30.exf6 fxg4
31.Bxg4 Nd8 32.Re5 Qb6 33.Qf4 Qd6 34.Rd5 1-0

[Event "DRUGA LIGA CENTRALNE SRBIJE 2013 - Istok"]
[Site "Zajecar"]
[Date "2013.10.12"]
[Round "4.23"]
[White "Djordjevic, Nebojsa"]
[Black "Djokic, Nebojsa"]
[Result "1-0"]
[WhiteElo "2251"]
[BlackElo "2193"]
[PlyCount "0"]
[EventDate "2013.10.10"]

1.d4 Nf6 2.c4 g6 3.Nc3 Bg7 4.e4 d6 5.f3 O-O 6.Be3 Nc6 7.Bd3 e5
8.d5 Nd4 9.Nge2 Nh5 10.O-O c5 11.dxc6 bxc6 12.Qd2 Rb8 13.Rab1
c5 14.Bh6 Nf4 15.Bxg7 Nfxe2+ 16.Nxe2 Kxg7 17.Nxd4 cxd4 18.b4
Be6 19.Rfc1 Qe7 20.c5 dxc5 21.Rxc5 Rfc8 22.Rbc1 Rxc5 23.Rxc5
Rc8 24.Rxc8 Bxc8 25.a4 Qc7 26.a5 Kf6 27.Kf2 Ke6 28.Qa2+ Kd6 29.Qd5+
Ke7 30.f4 Qc3 31.Qxe5+ Be6 32.Qc5+ 1-0

[Event "DRUGA LIGA CENTRALNE SRBIJE 2013 - Istok"]
[Site "Zajecar"]
[Date "2013.10.12"]
[Round "4.24"]
[White "Djukic, Slobodan D"]
[Black "Djordjevic, Vuk **"]
[Result "1/2-1/2"]
[WhiteElo "2188"]
[BlackElo "2123"]
[PlyCount "0"]
[EventDate "2013.10.10"]

1.e4 d5 2.exd5 Qxd5 3.Nc3 Qd6 4.d4 Nf6 5.Nf3 a6 6.Bd3 Nc6 7.h3
g6 8.O-O Bg7 9.a3 O-O 10.Ne2 Nh5 11.g4 Nf6 12.Bf4 Qd5 13.Kg2
b5 14.Nc3 Qd7 15.Be2 Nd5 16.Bg3 Nxc3 17.bxc3 Bb7 18.Kh2 Rfd8
19.Qc1 Rac8 20.Qe3 Qd5 21.Rg1 Na5 22.a4 Nc4 23.Qf4 Nd6 24.Nd2
Qe6 25.Qe3 Qd7 26.axb5 Nxb5 27.Nb3 Qc6 28.Nc5 Nxd4 29.Nxb7 Qxb7
30.cxd4 Bxd4 31.Qb3 Qxb3 32.cxb3 Bxa1 33.Rxa1 Rd2 34.Bc4 Ra8
35.Kg2 Ra7 36.Bf4 Rd8 37.Be3 Raa8 38.Ra5 Kg7 39.Rc5 Rd7 40.Rc6
f6 41.Bxa6 Rd6 42.Bb7 Rxc6 43.Bxc6 Rb8 44.Bd5 c6 45.Bc4 e5 46.Kf3
h5 47.gxh5 gxh5 48.Ke4 Kg6 49.f4 Re8 50.f5+ Kg7 51.b4 Rb8 52.Bc5
Ra8 53.Be2 h4 54.Bh5 Ra3 55.Be8 Rxh3 56.Bxc6 Rc3 57.Kd5 h3 58.b5
Rxc5+ 59.Kxc5 e4 1/2-1/2

[Event "DRUGA LIGA CENTRALNE SRBIJE 2013 - Istok"]
[Site "Zajecar"]
[Date "2013.10.12"]
[Round "4.25"]
[White "Petrov, Georgi"]
[Black "Madjar, Stanislav"]
[Result "1-0"]
[WhiteElo "2219"]
[BlackElo "2181"]
[PlyCount "0"]
[EventDate "2013.10.10"]

1.Nf3 b6 2.g3 Bb7 3.Bg2 e6 4.c4 f5 5.O-O Nf6 6.d4 Be7 7.Nc3 O-O
8.d5 Bb4 9.Nd4 Bxc3 10.bxc3 c5 11.Nb5 exd5 12.cxd5 d6 13.Bf4
Ne8 14.c4 a6 15.Nc3 Nd7 16.e4 Qf6 17.Qd2 Ne5 18.Bxe5 dxe5 19.exf5
Qxf5 20.Ne4 Rd8 21.Rae1 Nd6 22.Nxd6 Rxd6 23.Qe3 Rfd8 24.f4 exf4
25.Rxf4 Qd7 26.Bh3 1-0

[Event "DRUGA LIGA CENTRALNE SRBIJE 2013 - Istok"]
[Site "Zajecar"]
[Date "2013.10.12"]
[Round "4.26"]
[White "Mickovic, Slavisa"]
[Black "Djukic, Nebojsa"]
[Result "1/2-1/2"]
[WhiteElo "2119"]
[BlackElo "2177"]
[PlyCount "0"]
[EventDate "2013.10.10"]

1.d4 e6 2.c4 Nf6 3.a3 b6 4.Nc3 Bb7 5.Nf3 Be7 6.g3 d5 7.cxd5 Nxd5
8.Bg2 Nd7 9.O-O O-O 10.Nxd5 Bxd5 11.Re1 c5 12.Ne5 Bxg2 13.Kxg2
Nxe5 14.dxe5 Qxd1 15.Rxd1 Rfd8 16.Bd2 Rd5 17.Bc3 Rad8 18.Rxd5
Rxd5 19.Kf1 Kf8 20.Ke1 Ke8 21.a4 Kd7 22.Rd1 Kc6 23.b3 Rxd1+ 24.Kxd1
b5 25.Kc2 c4 26.bxc4 bxa4 27.Bd4 a6 28.f3 Bb4 29.g4 Bc5 30.e3
Bb4 31.h4 g6 32.h5 gxh5 33.gxh5 Be7 34.Kb2 Kd7 35.Kc3 Ke8 36.Bb6
Ba3 37.Bd4 Ke7 38.Kc2 Kf8 39.Kc3 Ke7 40.Kc2 Bb4 41.Kd3 Kd7 42.Kc2
Ba5 43.Kd3 Be1 44.Kc2 1/2-1/2

[Event "DRUGA LIGA CENTRALNE SRBIJE 2013 - Istok"]
[Site "Zajecar"]
[Date "2013.10.12"]
[Round "4.27"]
[White "Bozilov, Dragan **"]
[Black "Milosevic, Jovana **"]
[Result "0-1"]
[WhiteElo "1925"]
[BlackElo "1931"]
[PlyCount "0"]
[EventDate "2013.10.10"]

1.d4 d5 2.c4 e6 3.Nf3 Nf6 4.Bg5 Be7 5.e3 O-O 6.Nc3 c6 7.Be2 Nbd7
8.c5 b6 9.cxb6 axb6 10.O-O c5 11.b3 Ba6 12.Bxa6 Rxa6 13.Qe2 Ra8
14.Nb5 Ne4 15.Bf4 Qc8 16.Rfc1 Qb7 17.Rc2 Nb8 18.Ne5 Na6 19.Nd3
Rfd8 20.f3 Nf6 21.h3 Rac8 22.Rac1 Ne8 23.a3 f6 24.Bg3 Kf7 25.Kf2
Qd7 26.Nb2 Qb7 27.Na4 g6 28.h4 Ng7 29.Bf4 Nf5 30.g4 Ng7 31.Qd3
f5 32.g5 Rc6 33.Be5 Rdc8 34.Bxg7 Kxg7 35.f4 h5 36.Nb2 Kh7 37.Rc3
Bf8 38.Qc2 Nb8 39.Nd3 cxd4 40.exd4 Rxc3 41.Nxc3 Bxa3 42.Ra1 Bd6
43.Qd2 Nc6 44.Nb5 Bb8 45.Qe2 Qd7 46.Re1 Nd8 47.Na3 Rc3 48.Qd1
Bd6 49.Nb1 Rc6 50.Nd2 Qc8 51.Nf3 Rc2+ 52.Re2 Rc3 53.Ra2 Bb8 54.b4
Qc6 55.Qd2 Qc4 56.Nde1 Bxf4 57.Ra7+ Bc7 58.Ne5 Qb3 59.N5d3 Kg8
60.b5 Qc4 61.Ra4 Qb3 62.Rb4 Qa3 63.Rb2 Bd6 64.Ra2 Qb3 65.Rb2
Qc4 66.Qe3 f4 67.Qd2 Qxd4+ 68.Kg2 e5 69.Qe2 e4 70.Kh1 Nf7 71.Nf2
f3 72.Qf1 Qe5 73.Nd1 Rc1 74.Nxf3 exf3 75.Rf2 Qd4 0-1

[Event "DRUGA LIGA CENTRALNE SRBIJE 2013 - Istok"]
[Site "Zajecar"]
[Date "2013.10.12"]
[Round "4.28"]
[White "Ilic, Aleksandar"]
[Black "Djordjevic, Lazar **"]
[Result "1-0"]
[WhiteElo "2120"]
[BlackElo "1725"]
[PlyCount "0"]
[EventDate "2013.10.10"]

1.e4 c5 2.Nf3 e6 3.d4 cxd4 4.Nxd4 Nf6 5.Nc3 d6 6.Be3 a6 7.f3
Nc6 8.Qd2 Qc7 9.g4 h6 10.h4 Ne5 11.Rg1 Ng6 12.g5 hxg5 13.hxg5
Nd7 14.O-O-O b5 15.f4 Nc5 16.b4 Nd7 17.f5 exf5 18.exf5 Nge5 19.Nd5
Qd8 20.g6 Bb7 21.gxf7+ Kxf7 22.Ne6 Qh4 23.Qg2 Bc6 24.Qxg7+ 1-0

[Event "DRUGA LIGA CENTRALNE SRBIJE 2013 - Istok"]
[Site "Zajecar"]
[Date "2013.10.12"]
[Round "4.32"]
[White "Panic, Milan"]
[Black "Stefanovic, Vladimir"]
[Result "1/2-1/2"]
[WhiteElo "2281"]
[BlackElo "2200"]
[PlyCount "0"]
[EventDate "2013.10.10"]

1.d4 Nf6 2.c4 c5 3.d5 g6 4.Nc3 Bg7 5.e4 d6 6.h3 O-O 7.Nf3 e6
8.Bd3 exd5 9.exd5 Re8+ 10.Be3 Bh6 11.O-O Bxe3 12.fxe3 Nbd7 13.Qd2
Kg7 14.e4 a6 15.Rae1 Ng8 16.Re3 Ne5 17.Nxe5 Rxe5 18.Ref3 f6 19.Ne2 1/2-1/2

[Event "DRUGA LIGA CENTRALNE SRBIJE 2013 - Istok"]
[Site "Zajecar"]
[Date "2013.10.12"]
[Round "4.33"]
[White "Komnenic, Branko"]
[Black "Dodic, Dragan"]
[Result "1-0"]
[WhiteElo "2276"]
[BlackElo "2077"]
[PlyCount "0"]
[EventDate "2013.10.10"]

1.d4 d5 2.c4 dxc4 3.Nf3 e6 4.Nc3 a6 5.a4 c5 6.e3 Nf6 7.Bxc4 cxd4
8.exd4 Be7 9.O-O O-O 10.d5 exd5 11.Nxd5 Nxd5 12.Bxd5 Bf6 13.Qb3
Nc6 14.Rd1 Qc7 15.Be3 Re8 16.Bf4 Qxf4 17.Bxf7+ Kf8 18.Bxe8 Kxe8
19.Qg8+ Ke7 20.Ra3 Ne5 21.Re3 b5 22.Nxe5 Bxe5 23.Qxg7+ Ke6 24.Qg8+
Ke7 25.Qxh7+ Ke6 26.Rde1 1-0

[Event "DRUGA LIGA CENTRALNE SRBIJE 2013 - Istok"]
[Site "Zajecar"]
[Date "2013.10.12"]
[Round "4.35"]
[White "Illijin, Neboisa"]
[Black "Rasic, Jovan **"]
[Result "1-0"]
[WhiteElo "2166"]
[BlackElo "2114"]
[PlyCount "0"]
[EventDate "2013.10.10"]

1.e4 c5 2.Nf3 Nc6 3.d4 cxd4 4.Nxd4 g6 5.Nc3 Bg7 6.Be3 d6 7.Bc4
Nf6 8.h3 O-O 9.O-O a6 10.Bb3 Na5 11.Re1 b5 12.Bg5 Nxb3 13.axb3
Bb7 14.Nd5 e6 15.Nxf6+ Bxf6 16.Bxf6 Qxf6 17.b4 Rac8 18.c3 Rc4
19.Qd3 Re8 20.Nb3 Qe5 21.f3 Rc7 22.Rad1 Rd8 23.Qd4 Qxd4+ 24.Rxd4
Kf8 25.Red1 Ke7 26.Kf2 f5 27.e5 Rcd7 28.f4 Bd5 29.exd6+ Rxd6
30.Nc5 Rc6 31.Ra1 Ra8 32.Ra5 Rb6 33.Rd1 g5 34.g3 gxf4 35.gxf4
Rg8 36.Rg1 Rxg1 37.Kxg1 Rb8 38.Rxa6 Rg8+ 39.Kf1 h5 40.Ra7+ Kd6
41.Rd7+ Kc6 42.Rh7 Bg2+ 43.Kf2 Bxh3 44.Rxh5 Bg4 45.Rh6 Kd5 46.Rxe6
Rh8 47.b3 Rh2+ 48.Ke1 Rh3 49.Re5+ Kd6 50.Kd2 Rh2+ 51.Kd3 Rf2
52.Re6+ Kc7 53.Rf6 Kd8 54.Rd6+ Ke7 55.Rd7+ Ke8 56.Rd4 Rf3+ 57.Kd2
Rf2+ 58.Kc1 Bf3 59.c4 Be2 60.Nb7 Ke7 1-0

[Event "DRUGA LIGA CENTRALNE SRBIJE 2013 - Istok"]
[Site "Zajecar"]
[Date "2013.10.12"]
[Round "4.36"]
[White "Petrovic, Petar R **"]
[Black "Ivic, Matija **"]
[Result "1/2-1/2"]
[WhiteElo "1709"]
[BlackElo "1923"]
[PlyCount "0"]
[EventDate "2013.10.10"]

1.e4 c5 2.Nf3 g6 3.d4 cxd4 4.Nxd4 Bg7 5.c4 Nf6 6.Nc3 d6 7.Be2
Nc6 8.Be3 O-O 9.O-O Bd7 10.h3 Nxd4 11.Bxd4 Bc6 12.f4 Nd7 13.Bxg7
Kxg7 14.Qd4+ Kg8 15.Rad1 Qb6 16.b3 Qxd4+ 17.Rxd4 a5 18.Rfd1 Nc5
19.Nd5 Bxd5 20.cxd5 Rfc8 21.Rc1 h5 22.g4 hxg4 23.hxg4 Kg7 24.g5
Rh8 25.e5 Rh4 26.exd6 exd6 27.Rc2 Re8 28.Kg2 Reh8 29.Kf2 Rh2+
30.Ke1 Re8 31.b4 axb4 32.Kf1 b3 33.axb3 Nxb3 34.Rb4 Nc5 35.Rb6
Rd8 36.Kg1 Rh4 37.Rb4 Kf8 38.Kg2 Ke7 39.Bf3 Ra8 40.Kg3 Rhh8 41.Re2+
Kd8 42.Rb6 Kc7 43.Rb1 Rhe8 44.Rbe1 Rxe2 45.Rxe2 Kd8 46.f5 gxf5
47.Kf4 Ra3 48.Bh5 Nd3+ 49.Kxf5 Ne5 50.Rb2 Rh3 51.Bg4 Rd3 52.Rxb7
Rxd5 53.Ke4 Ra5 54.Bh3 1/2-1/2

[Event "DRUGA LIGA CENTRALNE SRBIJE 2013 - Istok"]
[Site "Zajecar"]
[Date "2013.10.12"]
[Round "4.37"]
[White "Ljuboja, Ognjen **"]
[Black "Milutinovic, Bojan"]
[Result "1-0"]
[WhiteElo "1810"]
[BlackElo "1766"]
[PlyCount "0"]
[EventDate "2013.10.10"]

1.e4 c5 2.Nf3 d6 3.d4 cxd4 4.Nxd4 Nf6 5.Nc3 g6 6.Be3 Bg7 7.f3
O-O 8.Qd2 Nc6 9.Bc4 Bd7 10.Bb3 Qa5 11.O-O-O Rfc8 12.g4 Ne5 13.h4
Nc4 14.Bxc4 Rxc4 15.Nb3 Qa6 16.Kb1 Rac8 17.e5 Rxc3 18.bxc3 Ne8
19.h5 Bxe5 20.hxg6 fxg6 21.Bd4 Qb5 22.Qh6 Nf6 23.g5 Nh5 24.Rxh5
gxh5 25.g6 Bf5 26.Qxh7+ Kf8 27.Qf7# 1-0

[Event "DRUGA LIGA CENTRALNE SRBIJE 2013 - Istok"]
[Site "Zajecar"]
[Date "2013.10.12"]
[Round "4.38"]
[White "Dinic, Vojislav"]
[Black "Milic, Ivica"]
[Result "0-1"]
[WhiteElo "1968"]
[BlackElo "2013"]
[PlyCount "0"]
[EventDate "2013.10.10"]

1.e4 c6 2.Nf3 d5 3.exd5 cxd5 4.d4 Bf5 5.Nc3 Nf6 6.Bb5+ Nbd7 7.Ne5
a6 8.Ba4 b5 9.Bb3 e6 10.Bg5 Bb4 11.Bd2 Bxc3 12.Bxc3 Ne4 13.Bd2
Nxe5 14.dxe5 Qc7 15.f4 Nc5 16.c3 Nd3+ 17.Kf1 Nxb2 18.Qf3 Nc4
19.Bxc4 bxc4 20.Kf2 Rb8 21.Rhc1 Rb2 22.Qe3 Kd7 23.Qd4 Rhb8 24.h3
R8b5 25.a4 Ra5 26.Ra3 Qc5 27.Qxc5 Rxc5 28.Ke3 Ra5 29.Rca1 Kc6
30.Ke2 Rb3 31.Kd1 f6 32.g4 Bg6 33.Kc1 fxe5 34.fxe5 Kc7 35.Rxb3
cxb3 36.Kb2 Bc2 37.Be3 Kc6 38.Ra3 Bd1 39.Bd4 Bc2 40.Rxb3 Bxb3
41.Kxb3 Rc5 42.Kb4 Rc4+ 43.Kb3 Kd7 44.g5 h6 45.g6 Kc6 46.Ka3
a5 47.Kb3 Kb7 48.Ka3 Rc8 49.Kb3 Rf8 50.c4 Kc6 51.Bc3 Rf3 52.Kc2
dxc4 53.Bxa5 Rxh3 54.Be1 Kd5 55.a5 Kd4 56.a6 Ra3 57.a7 Kxe5 58.Bc3+
Kf5 59.Bxg7 Kxg6 60.Bd4 Kf5 61.Kb2 Ra6 62.Kc3 e5 63.Bf2 Kf4 64.Kxc4
Kf3 65.Bb6 e4 66.Kc3 e3 67.Kd3 e2 0-1

[Event "DRUGA LIGA CENTRALNE SRBIJE 2013 - Istok"]
[Site "Zajecar"]
[Date "2013.10.12"]
[Round "4.42"]
[White "Zivkovic, Marko"]
[Black "Bura, Goran"]
[Result "1/2-1/2"]
[WhiteElo "2172"]
[BlackElo "2202"]
[PlyCount "0"]
[EventDate "2013.10.10"]

1.d4 Nf6 2.Bg5 Ne4 3.h4 c5 4.d5 Qb6 5.Qc1 c4 6.e3 Qa5+ 7.c3 Qxd5
8.Nd2 Nxd2 9.Qxd2 Qxd2+ 10.Kxd2 f6 11.Bf4 e5 12.Bg3 d5 13.b3
Be6 14.f4 Bd6 15.fxe5 fxe5 16.Nf3 Nc6 17.b4 a6 18.a4 Kd7 19.Be2
b5 20.Ng5 d4 21.exd4 exd4 22.Bxd6 Kxd6 23.Nxe6 Kxe6 24.Bf3 Kd6
25.cxd4 1/2-1/2

[Event "DRUGA LIGA CENTRALNE SRBIJE 2013 - Istok"]
[Site "Zajecar"]
[Date "2013.10.12"]
[Round "4.43"]
[White "Tosic, Nebojsa"]
[Black "Kraguljac, Pero"]
[Result "1-0"]
[WhiteElo "2171"]
[BlackElo "2126"]
[PlyCount "0"]
[EventDate "2013.10.10"]

1.e4 d6 2.d4 Nf6 3.Nc3 g6 4.Bc4 Bg7 5.Qe2 O-O 6.Bg5 Nc6 7.O-O-O
e5 8.dxe5 Nxe5 9.Bb3 Qe8 10.f4 Ned7 11.e5 dxe5 12.Nb5 Nc5 13.fxe5
Nfe4 14.Nf3 Nxb3+ 15.axb3 Nxg5 16.Nxc7 Qc6 17.Nd5 Qe6 18.Nxg5
Qxe5 19.Qxe5 Bxe5 20.Rde1 f6 21.Rhf1 b6 22.Nxh7 Ba6 23.Ndxf6+
Kg7 24.Nxf8 Bxf1 25.N6d7 Bf4+ 26.Kb1 Bb5 27.Re7+ Kg8 28.Ne6 Bxd7
29.Nxf4 Rd8 30.h3 Bf5 31.Kc1 Rd6 32.g4 Kf8 33.Rxa7 Be4 34.Ra4
Bf3 35.Nd3 g5 36.Ra7 Kg8 37.Re7 Rh6 38.Re3 Rxh3 39.Nf2 Rg3 40.Kd2
Kf7 41.c4 Kg6 42.b4 Rxg4 43.Nxg4 Bxg4 44.c5 bxc5 45.bxc5 Kf5
46.c6 Kf4 47.c7 1-0

[Event "DRUGA LIGA CENTRALNE SRBIJE 2013 - Istok"]
[Site "Zajecar"]
[Date "2013.10.12"]
[Round "4.44"]
[White "Colic, Nikola"]
[Black "Njegic, Vladimir"]
[Result "1-0"]
[WhiteElo "2196"]
[BlackElo "2160"]
[PlyCount "0"]
[EventDate "2013.10.10"]

1.d4 Nf6 2.c4 e6 3.Nc3 Bb4 4.Qc2 b6 5.Nf3 Bb7 6.Bg5 h6 7.Bh4
g5 8.Bg3 Ne4 9.d5 exd5 10.cxd5 Bxd5 11.O-O-O Nxc3 12.bxc3 Ba3+
13.Kb1 Be6 14.Nd4 Bd6 15.Qe4 Nc6 16.Nxe6 fxe6 17.Qg6+ Kf8 18.Rxd6
cxd6 19.Bxd6+ Ne7 20.Qf6+ Kg8 21.Bxe7 Qe8 22.Bd6 Qf7 23.Qd4 Qg6+
24.e4 Rh7 25.f3 Rc8 26.Ba6 Re8 27.Kb2 Rf7 28.Bd3 Qf6 29.e5 Qf4
30.Bg6 Rc8 31.Bxf7+ Qxf7 32.h4 g4 33.Qxg4+ Kh8 34.Qe4 b5 35.Rd1
Rc6 36.g4 a5 37.g5 hxg5 38.hxg5 Qh5 39.g6 b4 40.c4 Qh2+ 41.Kb1
b3 42.axb3 a4 43.Qc2 Qh4 44.g7+ Kg8 45.Qg6 Rc8 46.Qf6 1-0

[Event "DRUGA LIGA CENTRALNE SRBIJE 2013 - Istok"]
[Site "Zajecar"]
[Date "2013.10.12"]
[Round "4.45"]
[White "Kostic, Tomislav **"]
[Black "Todorovic, Nenad I **"]
[Result "0-1"]
[WhiteElo "1991"]
[BlackElo "2149"]
[PlyCount "0"]
[EventDate "2013.10.10"]

1.e4 d6 2.d4 Nf6 3.Nc3 e5 4.Nf3 Nbd7 5.Bc4 Be7 6.O-O O-O 7.Re1
c6 8.a4 exd4 9.Nxd4 Ne5 10.Bf1 Re8 11.h3 Bf8 12.b3 Bd7 13.Bb2
a6 14.g3 Qc8 15.Kh2 h5 16.Bg2 h4 17.a5 hxg3+ 18.fxg3 d5 19.Na4
Qc7 20.Nb6 Rad8 21.Nxd7 Rxd7 22.exd5 Nxd5 23.Qh5 Nf6 24.Qg5 Nh7
25.Qf4 Rde7 26.Be4 g6 27.h4 Nf6 28.Kg2 Bg7 29.Bf3 c5 30.Ne2 Nxf3
31.Qxf3 Re3 32.Qf2 Ng4 33.Qf1 Bxb2 34.Ra4 Bc3 35.Rxg4 Bxe1 36.Nf4
Qc6+ 37.Kh3 Bc3 38.Nxg6 fxg6 39.h5 Qe6 40.hxg6 Re4 41.Qf7+ Qxf7
42.gxf7+ Kxf7 43.Rg5 R8e5 0-1

[Event "DRUGA LIGA CENTRALNE SRBIJE 2013 - Istok"]
[Site "Zajecar"]
[Date "2013.10.12"]
[Round "4.46"]
[White "Lukic, Igor M"]
[Black "Zivanovic, Zoran M"]
[Result "1-0"]
[WhiteElo "2092"]
[BlackElo "2026"]
[PlyCount "0"]
[EventDate "2013.10.10"]

1.d4 Nf6 2.Nc3 d5 3.Bg5 Nc6 4.Nf3 Ne4 5.Bf4 a6 6.e3 Bg4 7.Be2
e6 8.Nxe4 dxe4 9.Nd2 Bxe2 10.Qxe2 f5 11.a3 Bd6 12.Bxd6 Qxd6 13.f3
exf3 14.Qxf3 O-O 15.O-O e5 16.Nc4 Nxd4 17.exd4 Qxd4+ 18.Ne3 c6
19.c3 Qb6 20.Qf2 f4 21.Nc4 Qc7 22.Rae1 Rae8 23.Qc5 e4 24.Nd6
Re6 25.Nxe4 Rfe8 26.Qf5 Qe7 27.Ng5 Qxg5 28.Qxg5 Rxe1 29.Qxf4
Rxf1+ 30.Qxf1 g6 31.Qc4+ Kg7 32.Qd4+ Kf7 33.Qf4+ Ke6 34.Qg4+
Kf7 35.Qh3 h5 36.Kf2 Re6 37.Qd3 Re7 38.Kf3 Kg7 39.Qd4+ Kh7 40.Kf4
Rf7+ 41.Ke5 Rf5+ 42.Ke6 Rd5 43.Qb4 Rb5 44.Qe7+ Kh6 45.h4 Rxb2
46.Kf7 1-0

[Event "DRUGA LIGA CENTRALNE SRBIJE 2013 - Istok"]
[Site "Zajecar"]
[Date "2013.10.12"]
[Round "4.47"]
[White "Kostic, Marko **"]
[Black "Pavlovic, Branka *"]
[Result "0-1"]
[WhiteElo "1731"]
[BlackElo "1838"]
[PlyCount "0"]
[EventDate "2013.10.10"]

1.d4 Nf6 2.Bf4 e6 3.e3 c5 4.c3 cxd4 5.exd4 b6 6.Nd2 Bb7 7.h3
Be7 8.Ngf3 d6 9.Bd3 Nbd7 10.Qc2 Rc8 11.Rg1 Nd5 12.Bh2 Nb4 13.Qb1
Nxd3+ 14.Qxd3 Nf6 15.g4 h6 16.h4 Nd5 17.g5 hxg5 18.hxg5 Rh5 19.g6
f5 20.Qe2 Nc7 21.O-O-O Ba6 22.Qe3 Qd7 23.Rde1 Qa4 24.Kb1 f4 25.Bxf4
Ra5 26.a3 Nd5 27.Qxe6 Rxc3 28.Bxd6 Qc2+ 29.Ka2 Raxa3+ 30.Bxa3
Rxa3# 0-1

[Event "DRUGA LIGA CENTRALNE SRBIJE 2013 - Istok"]
[Site "Zajecar"]
[Date "2013.10.12"]
[Round "4.48"]
[White "Stankovic, Sara **"]
[Black "Dubravcic, Nikola **"]
[Result "0-1"]
[WhiteElo "1434"]
[BlackElo "1658"]
[PlyCount "0"]
[EventDate "2013.10.10"]

1.e4 d6 2.Nf3 Nf6 3.d3 e5 4.g3 Be7 5.Bg2 O-O 6.O-O c6 7.c3 Qc7
8.Re1 Bg4 9.Nbd2 Nbd7 10.Qc2 Rac8 11.Nc4 Rfd8 12.Ne3 Be6 13.Ng5
d5 14.exd5 cxd5 15.Nxe6 fxe6 16.f4 exf4 17.Nxd5 Nxd5 18.Bxd5
exd5 19.Rxe7 Qc5+ 20.Qf2 Qxe7 21.Bxf4 a6 22.Rf1 Rf8 23.Qf3 Nf6
24.Bg5 Qc5+ 25.Be3 Qb5 26.Qe2 Rce8 27.Qd2 Ng4 28.Rxf8+ Rxf8 29.Bd4
Qe8 30.Qg5 Qe1+ 31.Kg2 Qf1# 0-1